000 02635cam a2200349 4500500
005 20260426020057.0
041 _afre
042 _adc
100 1 0 _aHurni, Maurice
_eauthor
245 0 0 _aLa psychanalyse à la découverte de la violence
260 _c2005.
500 _a61
520 _aLa psychanalyse n’a jusqu’ici que peu prêté attention aux diverses formes de violences psychologiques. Au contraire, elle s’est souvent employée à rendre confuse la distinction entre victime et bourreau, ou à banaliser voire même escamoter la violence subie. Plusieurs exemples en sont ici donnés, qui concernent les analystes parmi les plus célèbres. Racamier, puis d’autres psychanalystes se sont au contraire efforcés d’en dévoiler les contours et les mécanismes qui, d’une façon ou d’une autre, visent tous l’existence de l’enfant, sa reconnaissance et sa dignité. Parmi ces manœuvres perverses, l’expulsion dans l’autre des parties du moi clivées sont particulièrement redoutables. Elles aboutissent à la figure d’un abuseur lisse, innocent, et à celle d’une victime aliénée qui souvent ne sait même pas qu’elle l’est.
520 _aPsychoanalysis discovering violence Up till now, psychoanalysis has paid a loose attention to the different forms of psychological violence. On the contrary, it was often used to blur the distinction between victim and torturer, or made commonplace, it even hid the violence suffered.A few examples are given here, concerning some of the most famous analysts. Racamier, followed by other psychoanalysts tried to unveil the contours and mechanisms that, one way or the other, all aim for the existence of the child, his dignity and his own status. Amongst these perverse maneuvers, the expulsion within the other of the split parts of the ego are especially powerful. They amount to the smooth and innocent figure of the abuser and to an alienated victim who often doesn’t even know it.
690 _aAbuseur
690 _aAgresseur
690 _aBourreau
690 _aL’effort pour rendre l’autre fou
690 _aLe harcèlement moral
690 _aMobbing
690 _aPsychanalyse
690 _aVictime
690 _aViolences psychologiques
690 _aAbuser
690 _aAggressor
690 _aPsychoanalysis
690 _aPsychological violence
690 _aTorturer
690 _aVictim
786 0 _nImaginaire & Inconscient | 15 | 1 | 2005-03-01 | p. 155-169 | 1628-9676
856 4 1 _uhttps://shs.cairn.info/revue-imaginaire-et-inconscient-2005-1-page-155?lang=fr&redirect-ssocas=7080
999 _c2225400
_d2225400